Branching processes and neutral evolution
Guardat en:
| Autor principal: | |
|---|---|
| Format: | Llibre |
| Idioma: | anglès |
| Publicat: |
Berlín
Springer-Verlag
1992
|
| Col·lecció: | Lecture notes in biomathematics, 93
|
| Matèries: | |
| Etiquetes: |
Afegir etiqueta
Sense etiquetes, Sigues el primer a etiquetar aquest registre!
|
MARC
| LEADER | 00000nam a2200000 a 4500 | ||
|---|---|---|---|
| 001 | UCW1782 | ||
| 003 | CL-VaPUC | ||
| 008 | 930902e19920000GW |||||||||||||||||eng|d | ||
| 082 | 0 | 4 | |a 570.15 |b TAI |2 21 |
| 100 | 0 | |a Taïb, Ziad |e author |9 305853 | |
| 245 | 1 | 0 | |a Branching processes and neutral evolution |
| 300 | |a 112 p | ||
| 942 | |c BK | ||
| 945 | |d 19930902 00:00:00 | ||
| 260 | |a Berlín |b Springer-Verlag |c 1992 | ||
| 650 | 7 | |a PROCESOS DE BIFURCACION |2 CL-VaPUC |9 271490 | |
| 583 | |a last modification |c 19930902 00:00:00 |k Rodrigo Vera | ||
| 490 | 0 | |a Lecture notes in biomathematics, 93 | |
| 999 | |c 216604 |d 216602 | ||